Jours de la semaine en allemand. - Statistiques

Statistiques générales
  • Ce quiz a été pris 194 fois
  • Le résultat moyen est 6 sur 7
Statistiques - réponses
Tagen % Correct
Montag
97%
Freitag
84%
Dienstag
82%
Donnerstag
76%
Sonntag
76%
Samstag
74%
Mittwoch
73%
Aucun quiz correspondant
Distribution des résultats
% des personnes avec chaque résultat
Percentile par nombre de réponses
Votre historique - résultats
Vous n’avez pas pris ce quiz